|
|
|
|
| LEADER |
00000nam a2200000Ii 4500 |
| 001 |
DIGUEAN0026 |
| 003 |
NyNyDIG |
| 006 |
m o d |
| 007 |
cr ||||||||||| |
| 008 |
250103s2024 ck a ob 000 0 spa d |
| 035 |
|
|
|a (OCoLC)1457640328
|
| 040 |
|
|
|a DGITA
|b eng
|e rda
|e pn
|c DGITA
|
| 020 |
|
|
|a 9789587567229
|q (digital)
|
| 020 |
|
|
|a 9789587567212
|q (ePub)
|
| 020 |
|
|
|z 9789587567205
|q (impreso)
|
| 024 |
7 |
|
|a https://doi.org/10.57793/9789587567229
|2 doi
|
| 050 |
1 |
4 |
|a HB615 ebook
|
| 100 |
1 |
|
|a Rinaudo Mannucci, María Eugenia,
|e author.
|
| 245 |
1 |
0 |
|a Sostenibilidad para el emprendimiento :
|b guía para agentes de cambio que diseñan presentes y futuros posibles para todos /
|c María Eugenia Rinaudo Mannucci ; prólogo de Brigitte Baptiste.
|
| 250 |
|
|
|a Primera edición.
|
| 264 |
|
1 |
|a Bogotá :
|b Ediciones EAN,
|c 2024.
|
| 300 |
|
|
|a 1 online resource :
|b illustrations.
|
| 336 |
|
|
|a text
|b txt
|2 rdacontent
|
| 337 |
|
|
|a computer
|b c
|2 rdamedia
|
| 338 |
|
|
|a online resource
|b cr
|2 rdacarrier
|
| 347 |
|
|
|a text file
|2 rdaft
|
| 347 |
|
|
|b PDF
|
| 504 |
|
|
|a Includes bibliographical references.
|
| 588 |
0 |
|
|a Online resource; title from PDF title page (Digitalia, viewed January 3, 2025)
|
| 650 |
|
0 |
|a Sustainability.
|
| 650 |
|
0 |
|a Climatic changes
|x Effect of human beings on.
|
| 650 |
|
0 |
|a Entrepreneurship
|x Environmental aspects.
|
| 650 |
|
0 |
|a Circular economy.
|
| 650 |
|
0 |
|a Sustainable design.
|
| 700 |
1 |
|
|a Baptiste, Brigitte,
|d 1963-
|e contributor agent of text.
|
| 791 |
2 |
|
|a Digitalia (Firm),
|e distributor.
|
| 793 |
0 |
|
|g Digitalia eBook Collection:
|a Universidad EAN
|
| 776 |
0 |
8 |
|i Print version:
|a Rinaudo Mannucci, María Eugenia.
|t Sostenibilidad para el emprendimiento.
|b Primera edición.
|d Bogotá : Ediciones EAN, 2024
|z 9789587567205
|
| 856 |
4 |
0 |
|3 Digitalia Hispánica
|u https://www.digitaliapublishing.com/a/160907/
|
| 910 |
|
|
|a Premium collection: 2025
|